000 00376nam a2200145Ia 4500
008 240624s9999 xx 000 0 und d
041 _aeng
082 _a330.01 GIN
100 _aGINTIS HERBERT
245 _aGAME THEORY EVOLVING A PROBLEM CENTERED
250 _a(2nd ed.)
260 _c2009
_ainteraction
_bPrinceton University Press
300 _a408 : p.
365 _c
_b30
999 _c27965
_d27965